000 00662nam a22002297a 4500
003 UA-OsUOA
001 28599
007 ta
008 20050412b un ||||| |||| 00| 0 ukr d
090 _a94(47+57)
_bВ13
942 _cBK
040 _aUA-OsUOA
_brus
_cUA-OsUOA
_dUA-OsUOA
245 _aВажнейшие операции Великой Отечественной войны 1941-1945 гг.
_bСборник статей
_cРед. П. А.Жилина
300 _a623 с.
_bІлюстрації
955 _a0
041 _arus
080 _a94(47+57)
260 _aМ.
_bВоениздат
_c1956
044 _aRU
650 7 _2UDC
999 _c314968
_d314968